[Event "Zolochiv Autumn 4th"]
[Site "Zolochiv"]
[Date "2017.11.02"]
[Round "5"]
[White "Yushinov, Nikolay"]
[Black "Dadashli, Narmin"]
[Result "1-0"]
[WhiteElo "2184"]
[BlackElo "2209"]
[PlyCount "57"]
[EventDate "2017.10.31"]
[EventType "swiss"]
[EventRounds "9"]
[EventCountry "UKR"]
[SourceTitle "EXT 2019"]
[Source "ChessBase"]
[SourceDate "2018.10.10"]
[SourceVersion "1"]
[SourceVersionDate "2018.10.10"]
[SourceQuality "1"]

1. d4 d5 2. Bf4 Nf6 3. Nf3 e6 4. e3 c5 5. c3 Nc6 6. Nbd2 Be7 7. Bd3 0-0 8. Ne5 Bd7 9. Qf3 Rc8 10. Qh3 h6 11. Bxh6 gxh6 12. Qxh6 cxd4 13. exd4 Ne4 14. h4 f5 15. Nxe4 fxe4 16. Rh3 Rf5 17. Rg3+ Bg5 18. Nxd7 Qxd7 19. Rxg5+ Rxg5 20. Qxg5+ Kh7 21. Qh5+ Kg7 22. Be2 Rf8 23. f3 exf3 24. Bxf3 Qd6 25. Qg5+ Kh7 26. 0-0-0 Na5 27. Bg4 Nc4 28. Re1 Re8 29. Bf5+ 1-0